Estado de derecho, república y constitución : tradición y actualidad /

Bibliographic Details
Main Authors: Mondelo García, José Walter, 1970- (Author), Zaldivar Valdés, Dianelis (Author)
Format: Electronic eBook
Language:Spanish
Published: Santiago, Chile : Ediciones Olejnik, [2024]
Series:Biblioteca de pensamiento iusfilosófico latinoamericano.
Subjects:
Online Access:Digitalia Hispánica

MARC

LEADER 00000nam a2200000Ii 4500
001 DIGOLEJNK1528
003 NyNyDIG
006 m o d
007 cr |||||||||||
008 251203s2024 cl ob 000 0 spa d
035 |a (OCoLC)1560010634 
040 |a DGITA  |b eng  |e rda  |e pn  |c DGITA 
020 |z 9789564074559 
043 |a nwcu--- 
050 1 4 |a KGN2929 ebook 
100 1 |a Mondelo García, José Walter,  |d 1970-  |e author. 
245 1 0 |a Estado de derecho, república y constitución :  |b tradición y actualidad /  |c José Walter Mondelo, Dianelis Zaldivar Valdés. 
264 1 |a Santiago, Chile :  |b Ediciones Olejnik,  |c [2024] 
300 |a 1 online resource. 
336 |a text  |b txt  |2 rdacontent 
337 |a computer  |b c  |2 rdamedia 
338 |a online resource  |b cr  |2 rdacarrier 
347 |a text file  |2 rdaft 
347 |b PDF 
490 1 |a Biblioteca de pensamiento iusfilosófico latinoamericano 
504 |a Includes bibliographical references. 
588 0 |a Online resource; title from PDF title page (Digitalia, viewed December 3, 2025) 
650 0 |a Rule of law  |z Cuba. 
650 0 |a Constitutional law  |z Cuba. 
700 1 |a Zaldivar Valdés, Dianelis,  |e author. 
791 2 |a Digitalia (Firm),  |e distributor. 
793 0 |g Digitalia eBook Collection:  |a Ediciones Olejnik 
776 0 8 |i Print version:  |a Mondelo García, José Walter, 1970-  |t Estado de derecho, república y constitución.  |b Primera edición en Ediciones Olejnik.  |d Santiago, Chile : Ediciones Olejnik, 2024  |z 9789564074559 
830 0 |a Biblioteca de pensamiento iusfilosófico latinoamericano. 
856 4 0 |3 Digitalia Hispánica  |u https://www.digitaliapublishing.com/a/158047/ 
910 |a Premium collection: 2025